[Event "Hamar Ridabu School-ch B"]
[Site "Hamar"]
[Date "2016.04.07"]
[Round "7"]
[White "Orsleie, Sivert Nikolai"]
[Black "Lomo, Ole Morten"]
[Result "1-0"]
[WhiteElo "1306"]
[BlackElo "1348"]
[PlyCount "49"]
[EventDate "2016.01.07"]
[EventType "swiss"]
[EventRounds "9"]
[EventCountry "NOR"]
[SourceTitle "EXT 2024"]
[Source "ChessBase"]
[SourceDate "2023.10.10"]
[SourceVersion "1"]
[SourceVersionDate "2023.10.10"]
[SourceQuality "1"]

1. d4 Nf6 2. c4 g6 3. Nc3 Bg7 4. e3 d6 5. Nf3 Bg4 6. h3 Bc8 7. Bd3 0-0 8. b3 Nc6 9. Bb2 a5 10. a3 Re8 11. 0-0 b6 12. d5 Ne5 13. Nxe5 dxe5 14. Nb5 e4 15. Bc2 Bf5 16. Nd4 Nd7 17. Nc6 Qc8 18. Bxg7 Kxg7 19. g4 Nc5 20. gxf5 gxf5 21. Qh5 Kh8 22. Qxf7 f4 23. Qxf4 Qxh3 24. Qe5+ Kg8 25. Qg3+ 1-0

[Event "Folkvang CC-ch"]
[Site "Folkvang"]
[Date "2016.??.??"]
[Round "7"]
[White "Lomo, Ole Morten"]
[Black "Myrene, Jon Kare"]
[Result "0-1"]
[WhiteElo "1348"]
[BlackElo "1879"]
[PlyCount "35"]
[EventDate "2016.01.27"]
[EventType "swiss"]
[EventRounds "7"]
[EventCountry "NOR"]
[SourceTitle "EXT 2024"]
[Source "ChessBase"]
[SourceDate "2023.10.10"]
[SourceVersion "1"]
[SourceVersionDate "2023.10.10"]
[SourceQuality "1"]

1. e4 e5 2. Nf3 Nc6 3. Bb5 a6 4. Bxc6 dxc6 5. 0-0 Bd6 6. d3 Bg4 7. h3 Bh5 8. g4 Bg6 9. Bg5 Qd7 10. Nh4 h5 11. Nxg6 fxg6 12. f4 hxg4 13. Qxg4 Rxh3 14. Qxd7+ Kxd7 15. Kg2 Rh5 16. Nd2 Rf8 17. Kg3 Nh6 18. f5 0-1

[Event "Hamar op B"]
[Site "Hamar"]
[Date "2015.11.05"]
[Round "5"]
[White "Lomo, Ole Morten"]
[Black "Soberg, Anders"]
[Result "1-0"]
[WhiteElo "1473"]
[BlackElo "1198"]
[PlyCount "93"]
[EventDate "2015.09.03"]
[EventType "swiss"]
[EventRounds "7"]
[EventCountry "NOR"]
[SourceTitle "EXT 2024"]
[Source "ChessBase"]
[SourceDate "2023.10.10"]
[SourceVersion "1"]
[SourceVersionDate "2023.10.10"]
[SourceQuality "1"]

1. Nf3 Nf6 2. g3 b6 3. Bg2 Bb7 4. 0-0 c5 5. d4 cxd4 6. Qxd4 Nc6 7. Qd1 Qc7 8. Nc3 g6 9. Nb5 Qc8 10. Bf4 d6 11. e4 Ba6 12. a4 Nh5 13. Qd2 Nxf4 14. Qxf4 Bg7 15. c3 0-0 16. Rfe1 Ne5 17. Nxe5 Bxe5 18. Qe3 Bxb5 19. axb5 Qc4 20. Bf1 Qc7 21. f4 Bg7 22. f5 e5 23. fxg6 hxg6 24. b3 Kh7 25. Bc4 Bh6 26. Qe2 f5 27. exf5 gxf5 28. Rad1 f4 29. Qd3+ Kh8 30. Qg6 Qg7 31. Qxg7+ Bxg7 32. gxf4 exf4 33. Rxd6 f3 34. Re4 Bf6 35. Ree6 f2+ 36. Kf1 Kg7 37. Rd7+ Kg6 38. Re2 Bh4 39. Rd4 Kh5 40. Re5+ Bg5 41. h4 Rae8 42. Rxg5+ Kh6 43. Rd6+ Kh7 44. Bd3+ Re4 45. Bxe4+ Rf5 46. Bxf5+ Kh8 47. Rh6# 1-0